[Event "Temuco Carmona Rosales"]
[Site "Temuco"]
[Date "2013.11.20"]
[Round "6"]
[White "Ercoli Ercoli, Fernando"]
[Black "Gomez Diaz, Juan"]
[Result "1-0"]
[WhiteElo "1552"]
[BlackElo "1636"]
[PlyCount "119"]
[EventDate "2013.10.27"]
[EventType "tourn"]
[EventRounds "9"]
[EventCountry "CHI"]
[SourceTitle "EXT 2024"]
[Source "ChessBase"]
[SourceDate "2023.10.10"]
[SourceVersion "1"]
[SourceVersionDate "2023.10.10"]
[SourceQuality "1"]

1. d4 d5 2. c4 e6 3. Nc3 c6 4. e4 dxe4 5. Nxe4 Bb4+ 6. Nc3 Nf6 7. Nf3 Ne4 8. Qc2 Qa5 9. Bd2 Nxd2 10. Nxd2 0-0 11. Bd3 h6 12. 0-0 Na6 13. a3 Bxc3 14. bxc3 Nc7 15. Rfe1 b5 16. Nb3 Qa4 17. c5 Nd5 18. Qb2 Nf4 19. Bc2 Qc4 20. Na5 Qd5 21. Be4 Qg5 22. Bxc6 Ba6 23. Re3 Rac8 24. Rg3 Qd8 25. Bb7 Qxa5 26. Bxc8 Rxc8 27. a4 bxa4 28. Kh1 Qb5 29. Qa3 Rb8 30. h3 Qb3 31. Qxa4 Qxa4 32. Rxa4 Bb7 33. Rxa7 Bd5 34. Ra4 Bc6 35. Rb4 Rb5 36. Rxb5 Bxb5 37. c4 Bc6 38. Kh2 f6 39. Re3 Kf7 40. g3 Ng6 41. Ra3 Ne7 42. Ra7 g5 43. h4 f5 44. f4 g4 45. Kg1 Be4 46. Kf2 Kf6 47. Ke3 Bg2 48. Kd3 Bf1+ 49. Kc3 Bg2 50. Kb3 Nc6 51. Rd7 Ne7 52. Kb4 Kf7 53. Ka5 Ke8 54. Rd6 Kf7 55. Kb6 Bf1 56. Kb5 Nc8 57. Rd8 Ne7 58. Kb6 Bxc4 59. c6 Nd5+ 60. Rxd5 1-0

[Event "Temuco Carmona Rosales"]
[Site "Temuco"]
[Date "2013.10.27"]
[Round "?"]
[White "Navarrete Sandoval, Francisco Javier"]
[Black "Ercoli Ercoli, Fernando"]
[Result "1-0"]
[WhiteElo "1797"]
[BlackElo "1552"]
[PlyCount "119"]
[EventDate "2013.10.27"]
[EventType "tourn"]
[EventRounds "9"]
[EventCountry "CHI"]
[SourceTitle "EXT 2024"]
[Source "ChessBase"]
[SourceDate "2023.10.10"]
[SourceVersion "1"]
[SourceVersionDate "2023.10.10"]
[SourceQuality "1"]

1. d4 Nf6 2. c4 e6 3. Nc3 d5 4. cxd5 exd5 5. Bg5 c6 6. Qc2 Bb4 7. e3 h6 8. Bh4 0-0 9. Bd3 Nbd7 10. Nge2 Re8 11. 0-0 Qc7 12. Bg3 Qa5 13. a3 Bxc3 14. Nxc3 Qd8 15. b4 Nh5 16. b5 Nxg3 17. hxg3 Qg5 18. bxc6 bxc6 19. Nb1 Nf6 20. Nd2 Bd7 21. Rab1 Rab8 22. Qc5 Ng4 23. Nf3 Qd8 24. Qxa7 Ra8 25. Qc5 Qc7 26. Rfc1 Nxe3 27. fxe3 Rxe3 28. Ne5 Rxd3 29. Nxd3 Qxg3 30. Qc3 Bf5 31. Rb3 Qe3+ 32. Nf2 Qg5 33. Qe3 Qf6 34. Rbc3 Bd7 35. Qe5 Qh4 36. Qc7 Be6 37. Qb7 Ra4 38. Qxc6 Rxd4 39. R3c2 Qg3 40. Qc3 Qh4 41. Rb2 Rf4 42. g3 Qg5 43. Qe3 Ra4 44. Qxg5 hxg5 45. Ra1 Kf8 46. Nd3 Ke7 47. Nc5 Rg4 48. Nxe6 fxe6 49. a4 Rxg3+ 50. Kf2 Rh3 51. a5 Kd6 52. a6 Rh8 53. a7 Ra8 54. Ke3 e5 55. Rg2 Ke6 56. Rxg5 Kf6 57. Rg2 g5 58. Rb2 Rh8 59. Rf2+ Ke6 60. a8Q 1-0